Schvaľovanie investície rizikového kapitálu

Proces schvaľovania investície vo fondoch rizikového kapitálu. Štruktúra investície. Podiely v investícii. Podmienky a pravidlá investície. Schválenie investície.

Gespeichert in:
Bibliographische Detailangaben
1. Verfasser: Polák, Matej
Format: Buchkapitel
Sprache:Slowakisch
Schlagworte:
Tags: Tag hinzufügen
Keine Tags, Fügen Sie das erste Tag hinzu!

MARC

LEADER 00000naa$a2200000$$$4500
001 0073946
005 20230908095136.2
041 0 |a slo 
044 |a SK 
245 1 0 |a Schvaľovanie investície rizikového kapitálu  |c Matej Polák 
520 |a Proces schvaľovania investície vo fondoch rizikového kapitálu. Štruktúra investície. Podiely v investícii. Podmienky a pravidlá investície. Schválenie investície. 
610 2 0 |a investície kapitálové 
610 2 0 |a kapitál rizikový 
610 2 0 |a fondy investičné 
100 1 |a Polák, Matej